Loading...
| Literature - British | 0 | 9 | 0 | 0 | 90 | 26 | 82.00 | 3 | 8 | 0.00 | 0.00 |
| Philosophy | 0 | 8 | 0 | 1 | 80 | 52 | 89.00 | 0 | 6 | 0.00 | 0.00 |
| Literature - European | 0 | 7 | 2 | 1 | 60 | 57 | 98.29 | 1 | 3 | 0.00 | 0.00 |
| Literature - World | 0 | 7 | 2 | 0 | 60 | 69 | 101.71 | 4 | 6 | 0.00 | 0.00 |
| Literature - American | 0 | 7 | 3 | 1 | 55 | 91 | 115.00 | 3 | 4 | 0.00 | 0.00 |
| Mythology | 0 | 6 | 1 | 1 | 55 | 68 | 104.83 | 1 | 3 | 0.00 | 0.00 |
| Science - Other | 0 | 4 | 0 | 1 | 40 | 79 | 109.25 | 0 | 1 | 0.00 | 0.00 |
| Fine Arts - Other | 0 | 3 | 0 | 1 | 30 | 96 | 127.33 | 0 | 0 | 0.00 | 0.00 |
| Social Science | 0 | 3 | 1 | 0 | 25 | 58 | 75.67 | 1 | 3 | 0.00 | 0.00 |
| Fine Arts - Painting and Sculpture | 0 | 4 | 3 | 0 | 25 | 66 | 85.75 | 0 | 4 | 0.00 | 0.00 |
| History - American | 0 | 3 | 1 | 1 | 25 | 103 | 117.67 | 0 | 2 | 0.00 | 0.00 |
| Science - Biology | 0 | 3 | 2 | 0 | 20 | 66 | 100.00 | 1 | 3 | 0.00 | 0.00 |
| Science - Chemistry | 0 | 3 | 2 | 1 | 20 | 99 | 110.33 | 0 | 0 | 0.00 | 0.00 |
| History - Other | 0 | 3 | 2 | 1 | 20 | 81 | 102.33 | 0 | 0 | 0.00 | 0.00 |
| Religion | 0 | 3 | 3 | 1 | 15 | 76 | 101.33 | 1 | 2 | 0.00 | 0.00 |
| History - World | 0 | 1 | 0 | 0 | 10 | 40 | 40.00 | 0 | 1 | 0.00 | 0.00 |
| Other Academic | 0 | 1 | 0 | 0 | 10 | 47 | 47.00 | 1 | 1 | 0.00 | 0.00 |
| History - European | 0 | 1 | 0 | 0 | 10 | 102 | 102.00 | 0 | 0 | 0.00 | 0.00 |
| Science - Physics | 0 | 1 | 2 | 0 | 0 | 93 | 93.00 | 0 | 0 | 0.00 | 0.00 |
| Fine Arts - Classical Music | 0 | 0 | 1 | 0 | -5 | 0.00 | 0 | 0 | 0.00 | 0.00 |